[Event "GER-chT Betriebe"]
[Site "Berlin"]
[Date "2006.10.06"]
[Round "3.3"]
[White "Santos, Paulo J"]
[Black "Templin, Manfred"]
[Result "1-0"]
[WhiteElo "1662"]
[BlackElo "1515"]
[PlyCount "72"]
[EventDate "2006.10.05"]
[EventType "team-tourn"]
[EventRounds "7"]
[EventCountry "GER"]
[SourceTitle "EXT 2007"]
[Source "ChessBase"]
[SourceDate "2006.11.23"]
[SourceVersion "1"]
[SourceVersionDate "2006.11.23"]
[SourceQuality "1"]
[WhiteTeam "Muenchen Europ Patentamt II"]
[BlackTeam "Deutsche Telekom Berlin"]
[WhiteTeamCountry "GER"]
[BlackTeamCountry "GER"]

1. e4 c5 2. Nc3 e6 3. g3 b6 4. Bg2 Bb7 5. d3 d6 6. Be3 Qc7 7. Qd2 a6 8. Nge2 Nf6 9. h3 Be7 10. 0-0 Nbd7 11. f4 e5 12. fxe5 dxe5 13. g4 h6 14. Ng3 g6 15. Bxh6 Ng8 16. Be3 Qd6 17. Nd5 Bh4 18. Ne2 Bxd5 19. exd5 f6 20. Nc3 Ra7 21. Ne4 Qe7 22. c3 f5 23. gxf5 Ndf6 24. d6 Qd8 25. fxg6 Nd5 26. Bg5 Ngf6 27. Nxf6+ Nxf6 28. Bc6+ Kf8 29. Rxf6+ Qxf6 30. Bxf6 Bxf6 31. Rf1 Kg7 32. Qf2 Rf8 33. Qf5 Kh6 34. d7 Rg8 35. Qxf6 Rxg6+ 36. Qxg6+ Kxg6 1-0